Encyclopedia of electronics vol 3 (Record no. 12129)
[ view plain ]
| 000 -LEADER | |
|---|---|
| fixed length control field | 00330nam a22001337a 4500 |
| 020 ## - INTERNATIONAL STANDARD BOOK NUMBER | |
| International Standard Book Number | 9789382252238 |
| 082 ## - DEWEY DECIMAL CLASSIFICATION NUMBER | |
| Classification number | 621.38103 |
| 100 ## - MAIN ENTRY--PERSONAL NAME | |
| Personal name | Sahoo, Gangadhar |
| 245 ## - TITLE STATEMENT | |
| Title | Encyclopedia of electronics vol 3 |
| 260 ## - PUBLICATION, DISTRIBUTION, ETC. | |
| Place of publication, distribution, etc. | New Delhi |
| Name of publisher, distributor, etc. | PBI |
| Date of publication, distribution, etc. | 2013 |
| 300 ## - PHYSICAL DESCRIPTION | |
| Extent | xxiv, 295 p. : |
| Accompanying material | 22 cm |
| 700 ## - ADDED ENTRY--PERSONAL NAME | |
| Personal name | Encyclopedia of electronics |
| 942 ## - ADDED ENTRY ELEMENTS (KOHA) | |
| Koha item type | Book |
| Withdrawn status | Lost status | Damaged status | Not for loan | Collection code | Permanent Location | Current Location | Shelving location | Date acquired | Source of acquisition | Cost, normal purchase price | Total Checkouts | Full call number | Barcode | Date last seen | Price effective from | Koha item type |
|---|---|---|---|---|---|---|---|---|---|---|---|---|---|---|---|---|
| Central Library (CL) | Central Library (CL) | General Stacks | 07/03/2013 | Allied Book Company | 2054.40 | 621.38103 SAH | SEECS012505 | 07/19/2013 | 07/19/2013 | Book |
